| 000 | 00784nam a22002057a 4500 | ||
|---|---|---|---|
| 999 |
_c12141 _d12141 |
||
| 003 | AR-CdUCM | ||
| 008 | 190405b ||||| |||| 00| 0 spa d | ||
| 040 |
_aMUNICIPALIDAD PROVINCIAL DEL CUSCO _cBIBLIOTECA MUNICIPAL DEL CUSCO |
||
| 041 | _heng | ||
| 082 |
_a121 / _bB512 / 1945 _22ed. |
||
| 100 |
_aBerkeley, George _929835 |
||
| 245 |
_aTratado sobre los principios del conocimiento humano : _bEstudio preliminar, traducción y notas de Risieri Frondizi / |
||
| 260 |
_aBuenos Aires : _bLozada, _c1945. |
||
| 300 |
_a177 páginas ; _c20 cm. |
||
| 505 | _aContenido: Dedicatoria al conde de Pembroke -- Prologo del autor -- Introduccion del autor ... | ||
| 650 |
_aConocimiento _95704 |
||
| 650 |
_aTeoría del Idealismo _929836 |
||
| 942 |
_2ddc _cLIBROS |
||
| 945 |
_acmm _d2019-04-05 |
||